000 01218cam a2200337 i 4500
999 _c9918
_d9918
001 18188556
003 GBCCL
005 20241126110721.0
008 140616s2014 txu b 001 0 eng
010 _a 2014010727
020 _a9781602589889 (acidfree paper)
040 _aDLC
_beng
_cDLC
_erda
_dDLC
042 _apcc
050 0 0 _aBR115.A8
_bH38 2014
082 0 0 _a261.57
_223
_bHAR
100 1 _aHart, Trevor A.
_911922
245 1 0 _aMaking good :
_bcreation, creativity, and artistry /
_cTrevor Hart.
264 1 _aWaco :
_bBaylor University Press,
_c[2014]
300 _axii, 368 pages ;
_c24 cm
336 _atext
_btxt
_2rdacontent
337 _aunmediated
_bn
_2rdamedia
338 _avolume
_bnc
_2rdacarrier
504 _aIncludes bibliographical references (pages 345-361) and index.
650 0 _aChristianity and art.
_915011
650 0 _aCreation (Literary, artistic, etc.)
_xReligious aspects
_xChristianity.
_917246
650 0 _aImagination
_xReligious aspects
_xChristianity.
_917247
650 0 _aCreationism.
_91495
906 _a7
_bcbc
_corignew
_d1
_eecip
_f20
_gy-gencatlg
942 _2ddc
_cBK